000 00360nam a2200133 i 4500
001 bg
100 1 _aJANKOWSKA, Lubomira
245 0 _aBiblioteka GdaƄskiego Towarzystwa Przyrodniczego na tle jego rozwoju /
_cLubomira Jankowska.
260 _aWarszawa,
_c1977.
040 _cBPK
041 _apol
942 _cKS
008 s pl f |000 0 pol
999 _c17468
_d17468
856 _uhttp://koha.tu.koszalin.pl/cgi-bin/koha/opac-detail.pl?biblionumber=17468
_yKatalog online BPK